| 000 | 03234nam a2200409 i 4500 | ||
|---|---|---|---|
| 001 | 000008561 | ||
| 003 | DO-SdBNP | ||
| 005 | 20260427135538.0 | ||
| 007 | ta | ||
| 008 | 090917s2001 dr a r 000 0 spa d | ||
| 020 | _a999343020X | ||
| 040 |
_aDO-SdBNP _bspa _cBNPHU _erda |
||
| 082 | 4 |
_aRD860.8 _bC744o, 2000 _222 |
|
| 111 | 2 |
_aConcurso Arte y Literatura Bancentral _n(6. : _d2000 : _cSanto Domingo, República Dominicana) _922944 |
|
| 245 | 1 | 0 |
_aObras premiadas : _bsexto concurso de arte y literatura Bancentral 2000 / _cedición, José Alcántara Almánzar, Lourdes Lara. |
| 264 | 1 |
_aSanto Domingo : _bBanco Central de la República Dominicana _c2001. |
|
| 300 |
_a71 páginas : _bilustraciones ; _c23 cm. |
||
| 336 |
_atexto _btxt _2rdacontent |
||
| 337 |
_asin mediación _bn _2rdamedia |
||
| 338 |
_avolumen _bnc _2rdacarrier |
||
| 490 | 1 |
_aBanco Central de la República Dominicana _v34 |
|
| 490 | 1 |
_aObras premiadas _v6 |
|
| 505 | 0 |
_aPresentación -- _gPrimer premio. Categoría Pintura : _tSobrevivencia / _rGeraldo Amable Pimentel Ramírez -- _gPrimer premio. Categoría Cuento : _tVenganza / _rHenry Almonte Diloné -- _gPrimer premio. Categoría Fotografía : _tBanco Central y la globalización / _rPedro Antonio Fernández Pérez -- _gPrimer premio. Categoría Fotografía : _tFe y esperanza / _rRafael V. Ravelo Peña -- _gSegundo premio. Categoría Cuento : _tAmores de fin de año / _rLuis R. Santos Lora -- _gSegundo premio. Categoría Pintura : _tSueño de Juventud / _rSarah Perelló Cruz -- _gSegundo premio. Categoría Pintura : _tCambita I / _rMarcela Pérez de Martí -- |
|
| 505 | 0 |
_aTercer premio. Categoría Cuento : _tDesvelo / _rElsa Ramírez -- _gSegundo premio. Categoría Fotografía : _tReflejos / _rRafael V. Ravelo Peña -- _gTercer premio. Categoría Fotografía : _tVestigios de un sueño sobre la playa de Juanillo / _rDomingo de la Cruz -- _gTercer premio. Categoría Cuento : _tEl extraño hombre oscuro / _rLuis José Bourget G. -- _gTercer premio. Categoría Pintura : _tPórtico a la paz / _rDinorah Báez Pérez -- _gMención de Honor. Categoría Pintura : _tPuente de Azua / _rMaría Mercedes Cubilete Rodríguez -- _gMención de Honor. Categoría Pintura : _tFrutas y vinos / _rYolanda Esteban de López -- _gMención de Honor. Categoría Fotografía : _tNaturaleza? / _rCynthia Alexandra Valenzuela Acosta -- _gMención de Honor. Categoría Fotografía : _tDebajo del marco / _rJosé Polanco Santana -- _gMención de Honor. Categoría Fotografía : _tCrepúsculo antillano / _rJuan E. Estévez Hurtado -- _tVeredicto -- _tApéndice -- _tNotas biográficas de los autores. |
|
| 586 | _aPremios del concurso de arte y literatura Bancentral 2000. | ||
| 590 | _aInventariado, 2018/BT | ||
| 650 | 4 |
_aArte y literatura _ySiglo XX _922945 |
|
| 650 | 4 |
_aArtes plásticas _ySiglo XX _922946 |
|
| 650 | 4 |
_aPremios literarios _ySiglo XX _922947 |
|
| 650 | 4 |
_aLiteratura dominicana _ySiglo XX _985167 |
|
| 700 | 1 |
_aLara, Lourdes, _eeditor _4ed. _922948 |
|
| 700 | 1 |
_aAlcántara Almánzar, José, _d1946- _eeditor _4ed. _97018 |
|
| 710 | 2 |
_aBanco Central de la República Dominicana _983405 |
|
| 830 | 0 |
_aBanco Central de la República Dominicana _v34 _pObras premiadas _n6 _922949 |
|
| 910 | _aValidado. Control de calidad. EMS | ||
| 942 |
_2ddc _cLBS1 |
||
| 999 |
_c8331 _d8331 |
||